Fundamentals of ecology. / (Record no. 3067)

MARC details
000 -LEADER
fixed length control field 01668cam a22003374a 4500
001 - CONTROL NUMBER
control field 13477604
005 - DATE AND TIME OF LATEST TRANSACTION
control field 20210414114230.0
008 - FIXED-LENGTH DATA ELEMENTS--GENERAL INFORMATION
fixed length control field 040202s2005 cauab b 001 0 eng
010 ## - LIBRARY OF CONGRESS CONTROL NUMBER
LC control number 2004101400
020 ## - INTERNATIONAL STANDARD BOOK NUMBER
International Standard Book Number 0534420664
035 ## - SYSTEM CONTROL NUMBER
System control number (DLC) 2004101400
040 ## - CATALOGING SOURCE
Original cataloging agency DLC
Transcribing agency DLC
Modifying agency DLC
042 ## - AUTHENTICATION CODE
Authentication code pcc
050 00 - LIBRARY OF CONGRESS CALL NUMBER
Classification number QH541
Item number .O3
082 00 - DEWEY DECIMAL CLASSIFICATION NUMBER
Classification number 577
Edition number 22
100 1# - MAIN ENTRY--PERSONAL NAME
Personal name Odum, Eugene P.
Fuller form of name (Eugene Pleasants),
Dates associated with a name 1913-2002.
245 10 - TITLE STATEMENT
Title Fundamentals of ecology. /
Statement of responsibility, etc. Eugene P. Odum, Gary W. Barrett.
250 ## - EDITION STATEMENT
Edition statement 5th ed.
260 ## - PUBLICATION, DISTRIBUTION, ETC.
Place of publication, distribution, etc. Belmont, CA :
Name of publisher, distributor, etc. Thomson Brooks/Cole,
Date of publication, distribution, etc. c2005.
300 ## - PHYSICAL DESCRIPTION
Extent xviii, 598 p. :
Other physical details ill. (some col.), maps ;
Dimensions 27 cm.
504 ## - BIBLIOGRAPHY, ETC. NOTE
Bibliography, etc. note Includes bibliographical references (p. 535-581) and index.
505 ## - FORMATTED CONTENTS NOTE
Formatted contents note Contents: The Scope of Ecology -- The Ecosystem -- Energy in ecological systems -- Biogeochemical cycles -- Limiting and regulatory factors -- Population ecology -- Community ecology ecosystem development -- Landscape ecology -- Regional ecology: major ecosystem types and biomes -- Global ecology Statistical thinking for students of ecology.
650 #0 - SUBJECT ADDED ENTRY--TOPICAL TERM
Topical term or geographic name entry element Ecology
Form subdivision Textbooks.
700 1# - ADDED ENTRY--PERSONAL NAME
Personal name Barrett, Gary W.
856 42 - ELECTRONIC LOCATION AND ACCESS
Materials specified Contributor biographical information
Uniform Resource Identifier <a href="http://www.loc.gov/catdir/enhancements/fy1103/2004101400-b.html">http://www.loc.gov/catdir/enhancements/fy1103/2004101400-b.html</a>
856 42 - ELECTRONIC LOCATION AND ACCESS
Materials specified Publisher description
Uniform Resource Identifier <a href="http://www.loc.gov/catdir/enhancements/fy1103/2004101400-d.html">http://www.loc.gov/catdir/enhancements/fy1103/2004101400-d.html</a>
856 41 - ELECTRONIC LOCATION AND ACCESS
Materials specified Table of contents only
Uniform Resource Identifier <a href="http://www.loc.gov/catdir/enhancements/fy1103/2004101400-t.html">http://www.loc.gov/catdir/enhancements/fy1103/2004101400-t.html</a>
906 ## - LOCAL DATA ELEMENT F, LDF (RLIN)
a 7
b cbc
c orignew
d 3
e epcn
f 20
g y-gencatlg
942 ## - ADDED ENTRY ELEMENTS (KOHA)
Source of classification or shelving scheme Library of Congress Classification
Koha item type Books
Holdings
Withdrawn status Lost status Source of classification or shelving scheme Damaged status Not for loan Home library Current library Shelving location Date acquired Total Checkouts Full call number Barcode Date last seen Copy number Price effective from Koha item type
    Library of Congress Classification     WISCONSIN INTERNATIONAL UNIVERSITY COLLEGE, GHANA - MAIN LIBRARY WISCONSIN INTERNATIONAL UNIVERSITY COLLEGE, GHANA - MAIN LIBRARY Reference 24/06/2014   QH541 .O3 7462/490/13 24/06/2014 1 24/06/2014 Books

If you have any concerns or questions; kindly contact the library


© Powered by WIUC ICT DIRECTORATE